书目信息 |
| 题名: |
邓文迪
|
|
| 作者: | 张吕清, , 赵光耀, 著 | |
| 分册: | ||
| 出版信息: | 北京 团结出版社 2017.01 |
|
| 页数: | 230页 | |
| 开本: | 24cm | |
| 丛书名: | ||
| 单 册: | ||
| 中图分类: | K837.125.42 | |
| 科图分类: | ||
| 主题词: | 新闻工作者--xin wen gong zuo zhe--传记--美国--现代 | |
| 电子资源: | ||
| ISBN: | 978-7-5126-4613-1 | |
| 000 | 01056nam0 2200265 450 | |
| 001 | 011025153546 | |
| 005 | 20221025153546.0 | |
| 010 | @a978-7-5126-4613-1@dCNY39.80 | |
| 099 | @aCAL 012016164622 | |
| 100 | @a20201004e20202017em y0chiy0120 ea | |
| 101 | 0 | @achi |
| 102 | @aCN@b110000 | |
| 105 | @aach z 000yy | |
| 106 | @ar | |
| 200 | 1 | @a邓文迪@Adeng wen di@e女人明白要趁早@f张吕清, 赵光耀著 |
| 210 | @a北京@c团结出版社@d2017.01@h2020.11 | |
| 215 | @a230页@c图, 肖像, 摹真@d24cm | |
| 330 | @a一个名不见经传的华裔女子,自从嫁给美国“新闻集团”总裁——默多克以后,就像踩着“参天魔豆”般扶摇直上,红遍全球。这个逆袭成功的女人,是职业“小三”?还是命运偶然?她经历过怎样的故事,有着怎样的奋斗史? | |
| 517 | 1 | @a女人明白要趁早@Anv ren ming bai yao chen zao |
| 600 | 0 | @a邓文迪@Adeng wen di@x@f1968-@x传记 |
| 606 | 0 | @a新闻工作者@Axin wen gong zuo zhe@x传记@y美国@z现代 |
| 690 | @aK837.125.42@v5 | |
| 701 | 0 | @a张吕清,@Azhang lv qing ,@f1972-@4著 |
| 701 | 0 | @a赵光耀,@Azhao guang yao ,@f1981-@4著 |
| 905 | @a河南城建学院图书馆@dK837.125.42@eZ135 | |
| 邓文迪:女人明白要趁早/张吕清, 赵光耀著.-北京:团结出版社,2017.01(2020.11) |
| 230页:图, 肖像, 摹真;24cm |
| ISBN 978-7-5126-4613-1:CNY39.80 |
| 一个名不见经传的华裔女子,自从嫁给美国“新闻集团”总裁——默多克以后,就像踩着“参天魔豆”般扶摇直上,红遍全球。这个逆袭成功的女人,是职业“小三”?还是命运偶然?她经历过怎样的故事,有着怎样的奋斗史? |
| ● |
| 相关链接 |
|
|
|
正题名:邓文迪
索取号:K837.125.42/Z135
 
预约/预借
| 序号 | 登录号 | 条形码 | 馆藏地/架位号 | 状态 | 备注 |
| 1 | 1588454 | 215884540 | 社科库309/309社科库 4排3列2层/ [索取号:K837.125.42/Z135] | 在馆 | |
| 2 | 1588455 | 215884559 | 社科库309/309社科库 4排3列2层/ [索取号:K837.125.42/Z135] | 在馆 |